01016 2200229 4500001002100000005001500021035002000036008004100056245005900097100001500156250000600171260003100177300002900208020002200237084001400259520045900273082000800732650001000740990001200750990001200762990001200774INLIS00000000000005220240711093530 a0010-0424000028240711 1 ind 1 aDaun Yang Jatuh Tak Pernah Membenci Angin /cTere Liye aLiye, Tere a1 aJakarta :bGramedia,c2010 a256 hlm ;c14 cm x 20 cm a978-602-033-160-7 a813 TER d aKehadirannya bagai seorang malaikat bagi keluargaku, dimana dia merengkuh ibu dan juga adikku dari kehidupan kelam hidup di jalanan yang miskin dan nestapa. Dia memberikan kebutuhan yang kami butuhkan baik itu makan, tempat berteduh, sekolah, dan juga janji-janji di masa depan yang lebih baik. Sungguh merupakan malaikat yang diberikan langit untukku, juga memberikan kami kasih sayang, perhatian, dan teladan tanpa pengharapan budi sekalipun pada kami. a813 4aFiksi a0737329 a0744119 a0744120